[Event "EYCC 2024 - G18"]
[Site "?"]
[Date "2024.08.24"]
[Round "3.1"]
[White "Orian, Noga"]
[Black "Zabrzanska, Weronika"]
[Result "1-0"]
[BlackElo "1999"]
[WhiteElo "2201"]
[LiveChessVersion "1.4.8"]

1. d4 {[%clk 1:30:55]} Nf6 {[%clk 1:30:47]} 2. c4 {[%clk 1:31:18]} e6
{[%clk 1:31:09]} 3. Nc3 {[%clk 1:31:41]} d5 {[%clk 1:31:28]} 4. cxd5
{[%clk 1:32:03]} exd5 {[%clk 1:31:48]} 5. Bg5 {[%clk 1:32:25]} c6
{[%clk 1:32:09]} 6. e3 {[%clk 1:32:43]} Bd6 {[%clk 1:32:16]} 7. Bd3
{[%clk 1:32:53]} O-O {[%clk 1:32:12]} 8. Nf3 {[%clk 1:32:59]} Re8
{[%clk 1:31:34]} 9. Qb3 {[%clk 1:32:28]} Nbd7 {[%clk 1:29:42]} 10. O-O
{[%clk 1:32:16]} h6 {[%clk 1:25:58]} 11. Bh4 {[%clk 1:32:40]} Nf8
{[%clk 1:21:23]} 12. Rae1 {[%clk 1:32:05]} Ne6 {[%clk 1:08:25]} 13. Qc2
{[%clk 1:28:16]} Nc7 {[%clk 1:02:07]} 14. Kh1 {[%clk 1:19:02]} b6
{[%clk 0:58:33]} 15. e4 {[%clk 1:08:05]} Be7 {[%clk 0:52:45]} 16. e5
{[%clk 1:02:51]} Nd7 {[%clk 0:51:30]} 17. Bg3 {[%clk 0:58:25]} Bb7
{[%clk 0:49:42]} 18. Ng1 {[%clk 0:49:49]} c5 {[%clk 0:47:46]} 19. f4
{[%clk 0:43:23]} cxd4 {[%clk 0:41:59]} 20. Nb5 {[%clk 0:41:31]} Nxb5
{[%clk 0:38:08]} 21. Bxb5 {[%clk 0:42:00]} a6 {[%clk 0:37:33]} 22. Bxd7
{[%clk 0:39:35]} Qxd7 {[%clk 0:37:53]} 23. Nf3 {[%clk 0:39:36]} Rac8
{[%clk 0:37:00]} 24. Qb3 {[%clk 0:37:25]} Bc5 {[%clk 0:34:48]} 25. Rd1
{[%clk 0:36:18]} Bc6 {[%clk 0:34:42]} 26. Rxd4 {[%clk 0:32:59]} Bxd4
{[%clk 0:34:49]} 27. Nxd4 {[%clk 0:33:27]} Bb5 {[%clk 0:32:46]} 28. Re1
{[%clk 0:33:26]} Rc4 {[%clk 0:32:13]} 29. Qe3 {[%clk 0:33:30]} Rec8
{[%clk 0:31:08]} 30. f5 {[%clk 0:32:57]} Qe7 {[%clk 0:23:54]} 31. f6
{[%clk 0:31:19]} gxf6 {[%clk 0:15:47]} 32. Nf5 {[%clk 0:28:35]} Qe6
{[%clk 0:13:15]} 33. Nd6 {[%clk 0:26:33]} d4 {[%clk 0:07:32]} 34. Qxh6
{[%clk 0:25:39]} fxe5 {[%clk 0:07:28]} 35. Qg5+ {[%clk 0:24:29]} Qg6
{[%clk 0:07:38]} 36. Qe7 {[%clk 0:22:27]} d3 {[%clk 0:05:47]} 37. Nxc4
{[%clk 0:21:35]} Bxc4 {[%clk 0:04:58]} 38. Qxe5 {[%clk 0:21:37]} d2
{[%clk 0:03:02]} 39. Rd1 {[%clk 0:21:20]} Rd8 {[%clk 0:03:27]} 40. Qc7
{[%clk 0:20:51]} Qd3 {[%clk 0:02:24]} 41. Bf4 {[%clk 0:20:59]} Bxa2
{[%clk 0:00:55]} 42. h3 {[%clk 0:19:25]} Rd7 {[%clk 0:00:43]} 43. Qb8+
{[%clk 0:18:15]} Rd8 {[%clk 0:00:38]} 44. Qe5 {[%clk 0:12:05]} Be6
{[%clk 0:00:33]} 45. Qg5+ {[%clk 0:11:34]} Kf8 {[%clk 0:00:36]} 46. Qh6+
{[%clk 0:11:13]} Kg8 {[%clk 0:00:44]} 47. Be5 {[%clk 0:11:11]} f6
{[%clk 0:00:38]} 48. Qxf6 {[%clk 0:11:01]} Rd7 {[%clk 0:00:47]} 49. Qxe6+
{[%clk 0:11:00]} Rf7 {[%clk 0:01:09]} 50. Qh6 {[%clk 0:08:11]} Rh7
{[%clk 0:00:35]} 51. Qxd2 {[%clk 0:08:07]} 1-0

[Event "EYCC 2024 - G18"]
[Site "?"]
[Date "2024.08.24"]
[Round "3.2"]
[White "Bargan, Victoria"]
[Black "Karacsonyi, Kata"]
[Result "1/2-1/2"]
[BlackElo "2184"]
[WhiteElo "1977"]
[LiveChessVersion "1.4.8"]

1. d4 {[%clk 1:30:58]} Nf6 {[%clk 1:30:53]} 2. c4 {[%clk 1:31:26]} e6
{[%clk 1:31:14]} 3. Nc3 {[%clk 1:31:54]} Bb4 {[%clk 1:31:32]} 4. a3 Bxc3+
{[%clk 1:31:48]} 5. bxc3 {[%clk 1:32:48]} c5 {[%clk 1:26:30]} 6. f3
{[%clk 1:33:14]} Nc6 {[%clk 1:24:54]} 7. e4 {[%clk 1:32:34]} d6 {[%clk 1:12:41]}
8. Nh3 {[%clk 1:32:55]} e5 {[%clk 1:06:10]} 9. d5 {[%clk 1:29:59]} Na5
{[%clk 1:04:26]} 10. Nf2 {[%clk 1:30:22]} b6 {[%clk 1:00:39]} 11. Bd3
{[%clk 1:28:18]} h6 {[%clk 0:50:19]} 12. O-O {[%clk 1:28:16]} Qd7
{[%clk 0:46:02]} 13. a4 {[%clk 1:20:06]} Ba6 {[%clk 0:43:33]} 14. Qe2
{[%clk 1:20:22]} O-O-O {[%clk 0:36:28]} 15. Ba3 {[%clk 1:17:28]} Kb8
{[%clk 0:31:20]} 16. Rfb1 {[%clk 1:17:31]} g5 {[%clk 0:25:39]} 17. Bb4
{[%clk 1:17:48]} cxb4 {[%clk 0:19:10]} 18. cxb4 {[%clk 1:18:14]} Nxc4
{[%clk 0:16:36]} 19. b5 {[%clk 1:15:17]} Bb7 {[%clk 0:09:39]} 20. Bxc4
{[%clk 1:15:41]} Rc8 {[%clk 0:09:26]} 21. Rc1 {[%clk 1:15:29]} h5
{[%clk 0:05:54]} 22. a5 {[%clk 1:14:42]} bxa5 {[%clk 0:05:33]} 23. Rxa5
{[%clk 1:13:59]} Qc7 {[%clk 0:05:46]} 24. Qa2 {[%clk 1:13:46]} Qb6
{[%clk 0:05:54]} 25. Ra1 {[%clk 1:12:11]} g4 {[%clk 0:04:04]} 26. Bf1
{[%clk 0:38:20]} h4 {[%clk 0:03:17]} 27. Kh1 {[%clk 0:37:47]} g3 {[%clk 0:01:07]}
28. Nh3 {[%clk 0:38:12]} Nh5 {[%clk 0:00:58]} 29. Rxa7 {[%clk 0:38:12]} gxh2
{[%clk 0:00:44]} 30. Kxh2 {[%clk 0:36:33]} f6 {[%clk 0:00:54]} 31. Qa5
{[%clk 0:35:32]} Qxa5 {[%clk 0:01:08]} 32. R7xa5 {[%clk 0:35:33]} 1/2-1/2

[Event "EYCC 2024 - G18"]
[Site "?"]
[Date "2024.08.24"]
[Round "3.3"]
[White "Blokhin, Sofia"]
[Black "Vasylchuk, Diana"]
[Result "1-0"]
[BlackElo "1983"]
[WhiteElo "2052"]
[LiveChessVersion "1.4.8"]

1. d4 {[%clk 1:30:57]} Nf6 {[%clk 1:30:46]} 2. c4 {[%clk 1:31:20]} g6
{[%clk 1:31:02]} 3. Nc3 {[%clk 1:31:44]} Bg7 {[%clk 1:31:17]} 4. e4
{[%clk 1:32:06]} d6 {[%clk 1:31:34]} 5. f3 {[%clk 1:32:27]} O-O {[%clk 1:31:00]}
6. Be3 {[%clk 1:32:44]} Nc6 {[%clk 1:30:02]} 7. Nge2 {[%clk 1:32:43]} a6
{[%clk 1:29:10]} 8. Qd2 {[%clk 1:31:30]} Rb8 {[%clk 1:28:23]} 9. Nc1
{[%clk 1:27:25]} e5 {[%clk 1:22:28]} 10. d5 {[%clk 1:27:12]} Nd4 {[%clk 1:22:31]}
11. Nb3 {[%clk 1:20:56]} Nxb3 {[%clk 1:20:10]} 12. axb3 {[%clk 1:21:20]} c5
{[%clk 1:19:01]} 13. dxc6 {[%clk 1:16:00]} bxc6 {[%clk 1:18:08]} 14. b4
{[%clk 0:50:03]} Ne8 {[%clk 0:44:37]} 15. c5 {[%clk 0:46:55]} Rxb4
{[%clk 0:42:01]} 16. cxd6 {[%clk 0:40:33]} Nxd6 {[%clk 0:39:25]} 17. Na4
{[%clk 0:34:03]} Qa5 {[%clk 0:34:49]} 18. Bb6 {[%clk 0:30:49]} Rxa4
{[%clk 0:35:04]} 19. Qxa5 {[%clk 0:26:20]} Rxa5 {[%clk 0:35:22]} 20. Bxa5
{[%clk 0:25:31]} Nb5 {[%clk 0:34:57]} 21. Bxb5 {[%clk 0:25:07]} cxb5
{[%clk 0:34:01]} 22. O-O {[%clk 0:23:48]} Bh6 {[%clk 0:31:36]} 23. Bb6
{[%clk 0:20:59]} f5 {[%clk 0:30:49]} 24. exf5 {[%clk 0:19:57]} gxf5
{[%clk 0:31:01]} 25. Rad1 {[%clk 0:18:28]} Kf7 {[%clk 0:30:32]} 26. Rfe1
{[%clk 0:17:12]} Re8 {[%clk 0:29:51]} 27. Rd8 {[%clk 0:12:50]} Rxd8
{[%clk 0:29:43]} 28. Bxd8 {[%clk 0:13:15]} Bg7 {[%clk 0:28:11]} 29. Rc1
{[%clk 0:10:18]} Bd7 {[%clk 0:27:28]} 30. b4 {[%clk 0:09:31]} Bf8
{[%clk 0:27:05]} 31. Ba5 {[%clk 0:09:45]} Bd6 {[%clk 0:27:21]} 32. Kf2
{[%clk 0:09:35]} Ke6 {[%clk 0:25:50]} 33. Ke3 {[%clk 0:08:43]} f4+
{[%clk 0:24:21]} 34. Kd3 {[%clk 0:07:12]} Kd5 {[%clk 0:24:02]} 35. Kc3
{[%clk 0:07:06]} Bf5 {[%clk 0:24:06]} 36. Rd1+ {[%clk 0:06:03]} Kc6
{[%clk 0:24:27]} 37. Re1 {[%clk 0:04:58]} Kd5 {[%clk 0:24:39]} 38. Rd1+
{[%clk 0:03:28]} Kc6 {[%clk 0:24:57]} 39. g3 {[%clk 0:02:24]} fxg3
{[%clk 0:23:57]} 40. hxg3 {[%clk 0:02:47]} e4 {[%clk 0:23:48]} 41. f4
{[%clk 0:01:31]} Bg4 {[%clk 0:21:04]} 42. Rh1 {[%clk 0:01:34]} h5
{[%clk 0:21:02]} 43. Kd4 {[%clk 0:01:49]} Bf3 {[%clk 0:21:12]} 44. Rc1+
{[%clk 0:02:01]} Kd7 {[%clk 0:21:21]} 45. Ke3 {[%clk 0:02:08]} Be7
{[%clk 0:21:06]} 46. Rc7+ {[%clk 0:02:13]} Ke6 {[%clk 0:20:33]} 47. Rc6+
{[%clk 0:02:16]} Kd5 {[%clk 0:20:35]} 48. Rxa6 {[%clk 0:02:21]} Bg4
{[%clk 0:18:54]} 49. Rb6 {[%clk 0:01:37]} Bd7 {[%clk 0:18:34]} 50. Rh6
{[%clk 0:01:14]} Bg4 {[%clk 0:18:49]} 51. Rh7 {[%clk 0:01:26]} Bf6
{[%clk 0:19:03]} 52. Bb6 {[%clk 0:01:05]} Bb2 {[%clk 0:19:24]} 53. Rc7
{[%clk 0:01:20]} Bf5 {[%clk 0:18:06]} 54. Rc5+ {[%clk 0:01:33]} Ke6
{[%clk 0:18:31]} 55. Rxb5 {[%clk 0:00:42]} Bc1+ {[%clk 0:18:55]} 56. Kf2
{[%clk 0:00:58]} Bd2 {[%clk 0:17:30]} 57. Be3 {[%clk 0:00:52]} Bc3
{[%clk 0:17:42]} 58. Rb8 {[%clk 0:01:01]} Kd5 {[%clk 0:17:07]} 59. b5
{[%clk 0:01:16]} Bd7 {[%clk 0:17:03]} 60. Rd8 {[%clk 0:01:14]} Kd6
{[%clk 0:17:00]} 61. b6 {[%clk 0:01:24]} 1-0

[Event "EYCC 2024 - G18"]
[Site "?"]
[Date "2024.08.24"]
[Round "3.5"]
[White "Hernandez Tellez, Claudia"]
[Black "Sereda, Yaroslava"]
[Result "1-0"]
[BlackElo "1972"]
[WhiteElo "2025"]
[LiveChessVersion "1.4.8"]

1. d4 d5 {[%clk 1:30:52]} 2. c4 {[%clk 1:31:16]} e6 {[%clk 1:31:15]} 3. Nc3
{[%clk 1:31:36]} Nf6 {[%clk 1:31:34]} 4. Nf3 {[%clk 1:31:27]} a6 {[%clk 1:30:56]}
5. cxd5 {[%clk 1:31:11]} exd5 {[%clk 1:31:19]} 6. Qb3 {[%clk 1:31:04]} h6
{[%clk 1:14:08]} 7. e4 {[%clk 1:29:47]} Nxe4 {[%clk 1:01:44]} 8. Qxd5
{[%clk 1:29:09]} Qxd5 {[%clk 0:53:14]} 9. Nxd5 {[%clk 1:29:32]} Bd6
{[%clk 0:52:45]} 10. Bd3 {[%clk 1:29:06]} Bf5 {[%clk 0:49:39]} 11. O-O
{[%clk 1:13:00]} Kd8 {[%clk 0:44:01]} 12. Re1 {[%clk 1:01:22]} Ng3
{[%clk 0:33:18]} 13. Bc4 {[%clk 0:43:06]} Ne4 {[%clk 0:32:00]} 14. Bd3
{[%clk 0:36:34]} Ng3 {[%clk 0:31:45]} 15. Bc4 {[%clk 0:32:25]} Ne4
{[%clk 0:32:08]} 16. Bf4 {[%clk 0:30:10]} Bxf4 {[%clk 0:28:28]} 17. Nxf4
{[%clk 0:30:30]} Nd6 {[%clk 0:27:44]} 18. Bb3 {[%clk 0:30:17]} Rf8
{[%clk 0:21:20]} 19. Re3 {[%clk 0:27:47]} Nc6 {[%clk 0:20:56]} 20. Rc1
{[%clk 0:25:43]} Rc8 {[%clk 0:15:48]} 21. a3 {[%clk 0:25:17]} g5 {[%clk 0:15:29]}
22. Ne2 {[%clk 0:24:34]} f6 {[%clk 0:14:49]} 23. Bd5 {[%clk 0:20:31]} Ne7
{[%clk 0:14:34]} 24. Ba2 {[%clk 0:18:50]} Be4 {[%clk 0:11:30]} 25. Nd2
{[%clk 0:15:58]} Bg6 {[%clk 0:10:10]} 26. Nc4 {[%clk 0:14:51]} Nef5
{[%clk 0:09:51]} 27. Nxd6 {[%clk 0:14:47]} Nxd6 {[%clk 0:10:03]} 28. Be6
{[%clk 0:12:19]} Rb8 {[%clk 0:10:12]} 29. d5 {[%clk 0:12:00]} Re8
{[%clk 0:07:07]} 30. Nd4 {[%clk 0:12:22]} Re7 {[%clk 0:05:35]} 31. Rb3
{[%clk 0:11:27]} Be8 {[%clk 0:05:19]} 32. Rf3 {[%clk 0:10:30]} Ne4
{[%clk 0:04:21]} 33. Re1 {[%clk 0:10:46]} Bg6 {[%clk 0:03:20]} 34. Rb3
{[%clk 0:07:09]} Ra8 {[%clk 0:00:40]} 35. Rxb7 {[%clk 0:07:27]} Ke8
{[%clk 0:00:41]} 36. Rc1 {[%clk 0:07:40]} Bf7 {[%clk 0:00:35]} 37. Nf5
{[%clk 0:07:03]} Nd6 {[%clk 0:00:38]} 38. Nxd6+ {[%clk 0:07:09]} cxd6
{[%clk 0:01:07]} 39. Rxe7+ {[%clk 0:07:29]} Kxe7 {[%clk 0:01:33]} 40. Rc7+
{[%clk 0:07:55]} 1-0

[Event "EYCC 2024 - G18"]
[Site "?"]
[Date "2024.08.24"]
[Round "3.6"]
[White "Muradyan, Anahit"]
[Black "Sevcikova, Lucia"]
[Result "1-0"]
[BlackElo "2103"]
[WhiteElo "1753"]
[LiveChessVersion "1.4.8"]

1. e4 {[%clk 1:30:55]} c6 {[%clk 1:30:44]} 2. d4 {[%clk 1:31:20]} d5
{[%clk 1:31:10]} 3. Nc3 {[%clk 1:31:40]} dxe4 {[%clk 1:31:31]} 4. Nxe4
{[%clk 1:32:05]} Nf6 {[%clk 1:31:55]} 5. Nxf6+ {[%clk 1:32:29]} exf6
{[%clk 1:32:19]} 6. c3 {[%clk 1:32:55]} Bd6 {[%clk 1:32:36]} 7. Bd3
{[%clk 1:33:15]} O-O {[%clk 1:32:59]} 8. Qc2 {[%clk 1:33:38]} Re8+
{[%clk 1:33:22]} 9. Ne2 {[%clk 1:34:03]} h5 {[%clk 1:33:45]} 10. O-O
{[%clk 1:34:27]} h4 {[%clk 1:28:19]} 11. h3 {[%clk 1:34:44]} Nd7 {[%clk 1:25:51]}
12. f4 {[%clk 1:29:12]} Nf8 {[%clk 1:10:34]} 13. f5 {[%clk 1:24:15]} b6
{[%clk 1:04:52]} 14. Bf4 {[%clk 1:20:16]} Bb7 {[%clk 1:01:27]} 15. c4
{[%clk 1:14:38]} Qc7 {[%clk 0:42:57]} 16. Be4 {[%clk 1:01:43]} Qe7
{[%clk 0:36:51]} 17. Nc3 {[%clk 0:57:36]} Rad8 {[%clk 0:33:59]} 18. Rad1
{[%clk 0:54:44]} Nh7 {[%clk 0:30:31]} 19. d5 {[%clk 0:44:54]} Bb4
{[%clk 0:21:53]} 20. dxc6 {[%clk 0:40:54]} Bxc6 {[%clk 0:18:57]} 21. Bxc6
{[%clk 0:39:21]} Qc5+ {[%clk 0:19:22]} 22. Kh1 {[%clk 0:37:55]} Qxc6
{[%clk 0:17:08]} 23. Nd5 {[%clk 0:35:49]} Bf8 {[%clk 0:16:12]} 24. b3
{[%clk 0:34:49]} b5 {[%clk 0:13:41]} 25. Nc7 {[%clk 0:33:43]} Rxd1
{[%clk 0:09:15]} 26. Qxd1 {[%clk 0:33:41]} Re4 {[%clk 0:05:48]} 27. Nxb5
{[%clk 0:33:41]} Qc5 {[%clk 0:05:03]} 28. Bd6 {[%clk 0:30:54]} Bxd6
{[%clk 0:05:07]} 29. Qxd6 {[%clk 0:31:17]} Qe3 {[%clk 0:03:17]} 30. Qb8+
{[%clk 0:31:38]} Re8 {[%clk 0:03:28]} 31. Qxa7 {[%clk 0:31:53]} Qd3
{[%clk 0:03:11]} 32. Qf2 {[%clk 0:31:09]} Re2 {[%clk 0:02:29]} 33. Qf3
{[%clk 0:31:26]} Re3 {[%clk 0:02:39]} 34. Qf2 {[%clk 0:27:34]} Ng5
{[%clk 0:02:15]} 35. Re1 {[%clk 0:26:07]} Rg3 {[%clk 0:02:14]} 36. Qe2
{[%clk 0:25:09]} Qxf5 {[%clk 0:01:55]} 37. Nd6 {[%clk 0:23:59]} Rxh3+
{[%clk 0:00:40]} 38. gxh3 {[%clk 0:22:36]} Qxh3+ {[%clk 0:01:03]} 39. Qh2
{[%clk 0:23:03]} Qf3+ {[%clk 0:01:07]} 40. Qg2 {[%clk 0:23:25]} Qf4
{[%clk 0:01:15]} 41. Ne4 {[%clk 0:22:23]} h3 {[%clk 0:01:08]} 42. Qg3
{[%clk 0:22:38]} Qf5 {[%clk 0:00:48]} 43. Nxg5 {[%clk 0:22:54]} fxg5
{[%clk 0:01:14]} 44. Kh2 {[%clk 0:21:22]} g4 {[%clk 0:01:15]} 45. Re8+
{[%clk 0:21:32]} Kh7 {[%clk 0:01:41]} 46. Re2 {[%clk 0:21:45]} g5
{[%clk 0:01:01]} 47. Qe5 {[%clk 0:20:05]} Qf1 {[%clk 0:00:41]} 48. Qe4+
{[%clk 0:20:18]} Kg7 {[%clk 0:00:40]} 49. Qxg4 {[%clk 0:20:31]} Kg6
{[%clk 0:00:55]} 50. Rd2 {[%clk 0:15:56]} f6 {[%clk 0:00:45]} 51. Qg3
{[%clk 0:15:34]} Qc1 {[%clk 0:00:36]} 52. Qd3+ {[%clk 0:15:32]} f5
{[%clk 0:00:34]} 53. Rf2 {[%clk 0:15:49]} Kh6 {[%clk 0:00:34]} 54. Qxh3+
{[%clk 0:16:09]} 1-0

[Event "EYCC 2024 - G18"]
[Site "?"]
[Date "2024.08.24"]
[Round "3.7"]
[White "Siekanska, Maria"]
[Black "Buri, Petra Zsuzsanna"]
[Result "1-0"]
[BlackElo "1946"]
[WhiteElo "2097"]
[LiveChessVersion "1.4.8"]

1. d4 {[%clk 1:30:58]} Nf6 {[%clk 1:30:51]} 2. c4 {[%clk 1:31:23]} g6
{[%clk 1:31:12]} 3. g3 {[%clk 1:31:48]} Bg7 {[%clk 1:31:34]} 4. Bg2
{[%clk 1:32:14]} O-O {[%clk 1:31:42]} 5. Nc3 {[%clk 1:32:14]} d6 {[%clk 1:31:25]}
6. Nf3 {[%clk 1:32:39]} Nbd7 {[%clk 1:29:46]} 7. O-O {[%clk 1:32:58]} e5
{[%clk 1:26:11]} 8. h3 {[%clk 1:33:23]} c6 {[%clk 1:25:04]} 9. e4
{[%clk 1:30:30]} Qc7 {[%clk 1:21:24]} 10. Be3 {[%clk 1:26:20]} h6
{[%clk 1:18:20]} 11. Qd2 {[%clk 1:22:09]} Kh7 {[%clk 1:17:00]} 12. Rad1
{[%clk 1:22:24]} Ne8 {[%clk 1:12:55]} 13. Qc2 {[%clk 1:17:05]} Nb6
{[%clk 1:02:39]} 14. b3 {[%clk 1:01:28]} f5 {[%clk 0:53:00]} 15. dxe5
{[%clk 1:00:25]} dxe5 {[%clk 0:52:55]} 16. c5 {[%clk 1:00:28]} Nd7
{[%clk 0:51:31]} 17. exf5 {[%clk 1:00:45]} gxf5 {[%clk 0:49:14]} 18. Nh4
{[%clk 1:00:55]} Nb8 {[%clk 0:39:48]} 19. f4 {[%clk 0:53:22]} Na6
{[%clk 0:31:53]} 20. a3 {[%clk 0:45:43]} Qe7 {[%clk 0:23:58]} 21. fxe5
{[%clk 0:40:37]} Qxe5 {[%clk 0:23:35]} 22. Bd4 {[%clk 0:39:08]} Qxg3
{[%clk 0:21:56]} 23. Nxf5 {[%clk 0:36:17]} Bxf5 {[%clk 0:17:04]} 24. Rxf5
{[%clk 0:36:39]} Qg6 {[%clk 0:15:45]} 25. Kh1 {[%clk 0:33:19]} Bxd4
{[%clk 0:04:03]} 26. Be4 {[%clk 0:30:15]} Kg7 {[%clk 0:03:49]} 27. Rxf8
{[%clk 0:29:53]} Qh5 {[%clk 0:03:38]} 28. Rf3 {[%clk 0:30:15]} Qe5
{[%clk 0:02:37]} 29. Qg2+ {[%clk 0:30:31]} 1-0

[Event "EYCC 2024 - G18"]
[Site "?"]
[Date "2024.08.24"]
[Round "3.9"]
[White "Ter-Avetisjana, Agnesa Stepania"]
[Black "Tokarz, Izabela"]
[Result "0-1"]
[BlackElo "1941"]
[WhiteElo "2089"]
[LiveChessVersion "1.4.8"]

1. e4 {[%clk 1:30:59]} c5 {[%clk 1:30:55]} 2. Nf3 {[%clk 1:31:24]} e6
{[%clk 1:31:21]} 3. c3 {[%clk 1:22:15]} d5 {[%clk 1:31:46]} 4. exd5 Qxd5
{[%clk 1:32:14]} 5. d4 {[%clk 1:22:58]} Nf6 {[%clk 1:32:26]} 6. Be2
{[%clk 1:23:17]} Nc6 {[%clk 1:32:47]} 7. O-O {[%clk 1:23:40]} cxd4
{[%clk 1:32:32]} 8. cxd4 {[%clk 1:24:02]} Be7 {[%clk 1:32:57]} 9. Nc3
{[%clk 1:24:23]} Qd6 {[%clk 1:33:22]} 10. Be3 {[%clk 1:04:27]} O-O
{[%clk 1:33:45]} 11. Qd2 {[%clk 1:03:51]} a6 {[%clk 1:24:38]} 12. Bf4
{[%clk 0:56:42]} Qd8 {[%clk 1:22:12]} 13. Rfd1 {[%clk 0:54:45]} Nb4
{[%clk 1:18:23]} 14. Ne5 {[%clk 0:50:56]} Nbd5 {[%clk 1:13:20]} 15. Bf3
{[%clk 0:50:20]} Bd7 {[%clk 0:56:10]} 16. Bg5 {[%clk 0:43:11]} Be8
{[%clk 0:36:16]} 17. Nxd5 {[%clk 0:36:56]} Nxd5 {[%clk 0:35:30]} 18. Bxe7
{[%clk 0:37:15]} Qxe7 {[%clk 0:35:49]} 19. Bxd5 {[%clk 0:35:44]} exd5
{[%clk 0:36:18]} 20. Qa5 {[%clk 0:35:46]} Qd6 {[%clk 0:35:05]} 21. Rac1
{[%clk 0:32:18]} f6 {[%clk 0:35:25]} 22. Nd3 {[%clk 0:30:39]} Bb5
{[%clk 0:31:33]} 23. Qb4 {[%clk 0:27:27]} Rad8 {[%clk 0:29:13]} 24. Qxd6
{[%clk 0:27:07]} Rxd6 {[%clk 0:29:42]} 25. Nc5 {[%clk 0:27:07]} b6
{[%clk 0:29:47]} 26. Nd3 {[%clk 0:18:17]} Re8 {[%clk 0:29:34]} 27. Re1
{[%clk 0:13:09]} Re4 {[%clk 0:25:38]} 28. Rc8+ {[%clk 0:05:27]} Kf7
{[%clk 0:26:03]} 29. Rc7+ {[%clk 0:05:48]} Kg6 {[%clk 0:12:08]} 30. Rxe4
{[%clk 0:06:16]} dxe4 {[%clk 0:12:36]} 31. Nf4+ {[%clk 0:06:46]} Kh6
{[%clk 0:12:41]} 32. h4 {[%clk 0:03:19]} Rxd4 {[%clk 0:12:50]} 33. b3
{[%clk 0:01:34]} Rd1+ {[%clk 0:06:08]} 34. Kh2 {[%clk 0:02:02]} Rd7
{[%clk 0:06:33]} 35. Rc2 {[%clk 0:02:08]} g5 {[%clk 0:05:25]} 36. hxg5+
{[%clk 0:02:00]} Kxg5 {[%clk 0:05:50]} 37. Nh3+ {[%clk 0:02:08]} Kf5
{[%clk 0:06:09]} 38. a4 {[%clk 0:02:17]} Bf1 {[%clk 0:05:26]} 39. Rc1
{[%clk 0:02:43]} Be2 {[%clk 0:05:33]} 40. Rc6 {[%clk 0:02:47]} Rb7
{[%clk 0:05:37]} 41. g3 {[%clk 0:01:14]} Bd1 {[%clk 0:05:50]} 42. Nf4
{[%clk 0:00:39]} Bxb3 {[%clk 0:04:30]} 43. a5 {[%clk 0:01:08]} bxa5
{[%clk 0:03:44]} 44. Rxa6 {[%clk 0:00:38]} a4 {[%clk 0:03:38]} 45. Kh3
{[%clk 0:01:07]} Kg5 {[%clk 0:02:17]} 46. Ra5+ {[%clk 0:00:55]} Kh6
{[%clk 0:01:01]} 47. Ra6 {[%clk 0:01:11]} Kg5 {[%clk 0:01:06]} 48. Ra5+
{[%clk 0:01:40]} f5 {[%clk 0:01:06]} 49. g4 {[%clk 0:02:01]} Rf7 {[%clk 0:01:33]}
50. Kg3 {[%clk 0:02:27]} Bd1 {[%clk 0:00:37]} 51. Nh3+ {[%clk 0:02:50]} Kg6
{[%clk 0:01:01]} 52. Nf4+ {[%clk 0:03:05]} Kg5 {[%clk 0:01:03]} 53. Nh3+
{[%clk 0:02:57]} Kh6 {[%clk 0:00:35]} 54. gxf5 {[%clk 0:03:21]} a3
{[%clk 0:00:34]} 55. Kf4 {[%clk 0:02:09]} Bc2 {[%clk 0:00:59]} 56. Ra6+
{[%clk 0:01:07]} Kh5 {[%clk 0:00:37]} 57. Ng5 {[%clk 0:01:11]} Rxf5+
{[%clk 0:00:41]} 58. Kxf5 {[%clk 0:01:17]} e3+ {[%clk 0:01:10]} 59. Ke5
{[%clk 0:00:35]} exf2 {[%clk 0:01:06]} 60. Rf6 {[%clk 0:00:33]} a2
{[%clk 0:01:24]} 61. Rxf2 {[%clk 0:00:33]} a1=Q+ {[%clk 0:01:47]} 62. Kf4
{[%clk 0:00:53]} Qd4+ {[%clk 0:02:10]} 63. Kg3 {[%clk 0:00:46]} Kxg5
{[%clk 0:02:11]} 0-1

[Event "EYCC 2024 - G18"]
[Site "?"]
[Date "2024.08.24"]
[Round "3.10"]
[White "Keskin, Elif"]
[Black "Deladerriere, Calypso"]
[Result "1-0"]
[BlackElo "2044"]
[WhiteElo "1790"]
[LiveChessVersion "1.4.8"]

1. d4 {[%clk 1:30:57]} d5 {[%clk 1:30:39]} 2. Nf3 {[%clk 1:31:20]} Nc6
{[%clk 1:30:52]} 3. c4 {[%clk 1:31:36]} Bg4 {[%clk 1:31:00]} 4. cxd5
{[%clk 1:31:11]} Bxf3 {[%clk 1:31:10]} 5. gxf3 {[%clk 1:31:04]} Qxd5
{[%clk 1:31:22]} 6. e3 {[%clk 1:30:47]} e5 {[%clk 1:31:25]} 7. Nc3
{[%clk 1:30:34]} Bb4 {[%clk 1:31:26]} 8. Bd2 {[%clk 1:29:52]} Bxc3
{[%clk 1:31:29]} 9. bxc3 {[%clk 1:30:07]} Qd6 {[%clk 1:31:20]} 10. Rg1
{[%clk 1:27:10]} g6 {[%clk 1:27:08]} 11. Qb3 {[%clk 1:22:05]} O-O-O
{[%clk 1:27:06]} 12. Rb1 {[%clk 1:15:00]} b6 {[%clk 1:26:49]} 13. Qxf7
{[%clk 1:03:26]} Kb8 {[%clk 1:23:15]} 14. Qc4 {[%clk 0:54:39]} Nge7
{[%clk 1:20:15]} 15. Be2 {[%clk 0:48:32]} Rhe8 {[%clk 1:16:32]} 16. Kf1
{[%clk 0:45:48]} Qf6 {[%clk 0:58:00]} 17. a4 {[%clk 0:41:06]} Qh4
{[%clk 0:49:38]} 18. Rg2 {[%clk 0:31:31]} Rd6 {[%clk 0:47:52]} 19. Qa2
{[%clk 0:27:27]} Qh3 {[%clk 0:42:24]} 20. Kg1 {[%clk 0:25:15]} Nf5
{[%clk 0:41:53]} 21. d5 {[%clk 0:21:27]} Red8 {[%clk 0:30:46]} 22. e4
{[%clk 0:19:12]} Nfe7 {[%clk 0:25:09]} 23. Be3 {[%clk 0:14:24]} Na5
{[%clk 0:21:03]} 24. c4 Rf6 {[%clk 0:16:34]} 25. c5 {[%clk 0:13:09]} Rxf3
{[%clk 0:14:54]} 26. Bxf3 {[%clk 0:12:50]} Qxf3 {[%clk 0:15:19]} 27. d6
{[%clk 0:12:26]} Nc8 {[%clk 0:14:13]} 28. dxc7+ {[%clk 0:12:24]} Kxc7
{[%clk 0:14:41]} 29. cxb6+ {[%clk 0:12:17]} axb6 {[%clk 0:14:32]} 30. Qc2+
{[%clk 0:11:53]} Kb7 {[%clk 0:13:17]} 31. Rg3 {[%clk 0:11:27]} Qf7
{[%clk 0:13:22]} 32. Bg5 {[%clk 0:11:07]} Rd4 {[%clk 0:12:45]} 33. Be3
{[%clk 0:08:48]} Rc4 {[%clk 0:11:44]} 34. Qb2 {[%clk 0:08:36]} Qe6
{[%clk 0:10:34]} 35. Qb5 {[%clk 0:08:42]} Kc7 {[%clk 0:08:52]} 36. Bxb6+
{[%clk 0:07:21]} Nxb6 {[%clk 0:09:04]} 37. Qxa5 {[%clk 0:07:44]} Rc6
{[%clk 0:05:57]} 38. Qa7+ {[%clk 0:07:20]} Kd8 {[%clk 0:05:39]} 39. a5
{[%clk 0:06:55]} Nd7 {[%clk 0:05:51]} 40. Rd1 {[%clk 0:06:03]} Ra6
{[%clk 0:04:32]} 41. Rxd7+ {[%clk 0:05:38]} 1-0